00215nam a22000857a 4500100002900000245003700029260002900066300000700095650002700102 aPanangala Sanduni Wasana aPolymers in drug delivery system aRajagiriyabIchemcc2016 a30 adrugsaseminar reports